000 00994cam a2200253 a 4500
001 000014625
003 UkOxU
005 20200929163857.0
008 950822s1995 sp abc 000 0 spa
040 _aDO-SdBNP
_bspa
_cBNPHU
082 _axxxxxx
_bA816c
100 1 _aAsensio Esteban, José Ángel.
_933131
245 1 3 _aLa ciudad en el mundo prerromano en Aragón /
_cJosé Ángel Asensio Esteban ; prólogo, Manuel Martín-Bueno.
260 _aZaragoza :
_bInstitución Fernando el Católico,
_c1995.
300 _a461 p. :
_bil., mapas, retrs ;
_c23 cm.
490 1 _aCaesaraugusta
_v70
504 _aIncluye referencias bibliográficas y notas al pie de las páginas
504 _aBibliografía : p. 415-454.
650 0 _aCiudades y pueblos
_zEspaña
_zAragón
_xHistoria
_933132
651 0 _aAragón (España{Rpara}
_xAntigüedades
_919279
651 0 _aAragón (España{Rpara}
_xHistoria
_919235
700 1 _aMartín-Bueno, Manuel,
_epról.
_925607
830 0 _aCaesaraugusta
_n70
_933133
999 _c14209
_d14209